| Tag |
First Indicator |
Second Indicator |
Subfields |
| LEADER |
00000cam a2200000 4500 |
| 001 |
in00000037093 |
| 005 |
20151007070415.0 |
| 008 |
730108s1963 caua 00000 eng u |
| 010 |
|
|
|a 63008661
|
| 035 |
|
|
|a (OCoLC)00530364
|
| 035 |
|
|
|9 AAE3956AM
|
| 040 |
|
|
|c WSU
|d TXA
|d UtOrBLW
|
| 049 |
|
|
|a TXAM
|c [454436]
|
| 050 |
|
0 |
|a QB32
|b .T92 1963
|
| 092 |
|
|
|a 523.09
|b T947a, 1963
|
| 100 |
1 |
|
|a Turner, H. H.
|q (Herbert Hall),
|d 1861-1930.
|
| 245 |
1 |
0 |
|a Astronomical discovery.
|
| 264 |
|
1 |
|a Berkeley :
|b University of California Press,
|c 1963.
|
| 300 |
|
|
|a 225 pages :
|b illustrations ;
|c 21 cm.
|
| 336 |
|
|
|a text
|b txt
|2 rdacontent
|
| 337 |
|
|
|a unmediated
|b n
|2 rdamedia
|
| 338 |
|
|
|a volume
|b nc
|2 rdacarrier
|
| 650 |
|
0 |
|a Astronomy
|x History.
|
| 999 |
|
|
|a MARS
|
| 999 |
f |
f |
|s c6c315dc-3d25-372c-9df7-400b78f1c1d7
|i f327668e-7ff7-37ab-933e-077755699428
|t 0
|
| 952 |
f |
f |
|p ric
|a Texas A&M University
|b Rellis Campus
|c Joint Library Facility
|d Remote Storage
|t 0
|e QB32 .T92 1963
|h Library of Congress classification
|i unmediated -- volume
|m A14800900689
|
| 998 |
f |
f |
|a QB32 .T92 1963
|t 0
|l Remote Storage
|